| 000 | 00577nam a2200181Ia 4500 | ||
|---|---|---|---|
| 008 | 100920s9999 xx 000 0 und d | ||
| 082 |
_b85076 _a24 न 03 |
||
| 100 | _aश्रीवास्तव इकबाल बहादूर. | ||
| 245 | _aऎसे भी लोग. | ||
| 260 |
_bसंभावना प्रकाशन, हापुड. _c2003 |
||
| 300 |
_a150 _bसाधी |
||
| 365 | _b150 | ||
| 520 | _aसायो. | ||
| 630 | _aऎसे भी लोग. | ||
| 650 | _aसायो. | ||
| 730 | _aऎसे भी लोग. | ||
| 942 | _cBOOK | ||
| 999 |
_c725589 _d725586 |
||